| 000 | 00000cam 2200000zi 4500 |
| 001 | 9.962648 |
| 003 | CaOODSP |
| 005 | 20260507135843 |
| 006 | m o d f |
| 007 | cr mn||||||||| |
| 008 | 260507e202605 onc ob f000 0 eng d |
| 040 | |aCaOODSP|beng|erda|cCaOODSP |
| 043 | |an-cn---|af-sj--- |
| 086 | 1 |aXC11-1/1-451-8E-PDF |
| 110 | 1 |aCanada. |bParliament. |bHouse of Commons. |bStanding Committee on Foreign Affairs and International Development, |eauthor, |eissuing body. |
| 245 | 12|aA war on civilians : |baddressing the human toll of the conflict in Sudan / |cAhmed Hussen, chair; Subcommittee on International Human Rights, Fayçal El-Khoury, chair. |
| 264 | 1|a[Ottawa] : |bHouse of Commons, Canada = Chambre des communes, Canada, |cMay 2026. |
| 300 | |a1 online resource (ix, 11 pages). |
| 336 | |atext|btxt|2rdacontent |
| 337 | |acomputer|bc|2rdamedia |
| 338 | |aonline resource|bcr|2rdacarrier |
| 490 | 1 |aReport of the Standing Committee on Foreign Affairs and International Development ; |v8th report, 45th Parliament, 1st session |
| 500 | |aIssued also in French under title: Une guerre contre les civils : répondre au coût humain du conflit au Soudan. |
| 504 | |aIncludes bibliographical references. |
| 520 | |a"Since April 2023, the conflict in Sudan between the Sudanese Armed Forces (SAF) and the Rapid Support Forces (RSF) has escalated into a severe humanitarian crisis. On 28 October 2025, the Subcommittee on International Human Rights of the House of Commons Standing Committee on Foreign Affairs and International Development (the Subcommittee) began an urgent study on Sudan, hearing from Sudanese citizens, nongovernmental organizations, academics and a former Sudanese government minister"--Introduction, page 3. |
| 650 | 0|aInternational relations. |
| 650 | 0|aHuman rights|zSudan. |
| 650 | 0|aWar crimes investigation|zSudan. |
| 651 | 0|aCanada|xForeign relations|zSudan. |
| 700 | 1 |aHussen, Ahmed, |d1976- |
| 775 | 08|tUne guerre contre les civils : |w(CaOODSP)9.962649 |
| 830 | #0|aReport of the Standing Committee on Foreign Affairs and International Development ;|v8th report, 45th Parliament, 1st session.|w(CaOODSP)9.507099 |
| 856 | 40|qPDF|s3.29 MB|uhttps://publications.gc.ca/collections/collection_2026/parl/xc11-1/XC11-1-1-451-8-eng.pdf |
| 856 | 4 |qHTML|sN/A|uhttps://www.ourcommons.ca/documentviewer/en/45-1/FAAE/report-8 |